书目信息 |
| 题名: |
固体电解质材料专题实验
|
|
| 作者: | 王洪涛 , 张宏 编著 | |
| 分册: | ||
| 出版信息: | 北京 中国书籍出版社 2015.6 |
|
| 页数: | 187页 | |
| 开本: | 24cm | |
| 丛书名: | 当代中国学术文库 | |
| 单 册: | ||
| 中图分类: | O646.1 , TB33-33 | |
| 科图分类: | ||
| 主题词: | 固体电解质--复合材料--实验 | |
| 电子资源: | ||
| ISBN: | 978-7-5068-4857-2 | |
| 000 | 01360nam 2200301 450 | |
| 001 | 0400009459 | |
| 005 | 20171121082200.0 | |
| 010 | @a978-7-5068-4857-2@dCNY38.00 | |
| 100 | @a20160107d2015 em y0chiy50 ea | |
| 101 | 0 | @achi |
| 102 | @aCN@b110000 | |
| 105 | @aa z 000yy | |
| 106 | @ar | |
| 200 | 1 | @a固体电解质材料专题实验@Agu ti dian jie zhi cai liao zhuan ti shi yan@f王洪涛,张宏编著 |
| 210 | @a北京@c中国书籍出版社@d2015.6 | |
| 215 | @a187页@c图@d24cm | |
| 225 | 2 | @a当代中国学术文库 |
| 300 | @a安徽省质量工程项目——“材料化学”专业改造与新专业建设省级振兴计划及国家自然科学青年基金项目(批准号:51402050)经费的资助 | |
| 330 | @a本书共分为四个部分:第一部分为固体电解质的制备实验,包括高温固相、各种液相等合成方法,共编入20个实验。第二部分为固体电解质的性能及应用实验,包括浓差电池、燃料电池等基础实验,还涵盖传感器、薄膜反应器、常压中温合成氨等能源变换的应用实验,共编入16个实验。第三部分为固体电解质复合材料的制备实验,共编入12个实验。第四部分主要包括固体电解质复合材料的各种仪器表征及性能测试实验,共编入8个实验。 | |
| 333 | @a固体电解质材料研究者 | |
| 410 | 0 | @12001 @a当代中国学术文库 |
| 606 | 0 | @a固体电解质@x复合材料@x实验 |
| 690 | @aO646.1@v5 | |
| 690 | @aTB33-33@v5 | |
| 701 | 0 | @a王洪涛@Awang hong tao@4编著 |
| 701 | 0 | @a张宏@Azhang hong@4编著 |
| 801 | 0 | @aCN@b上海新华@c20171121 |
| 905 | @b1028981-5@dO646.1@e41@f5 | |
| 固体电解质材料专题实验/王洪涛,张宏编著.-北京:中国书籍出版社,2015.6 |
| 187页:图;24cm.-(当代中国学术文库) |
| 安徽省质量工程项目——“材料化学”专业改造与新专业建设省级振兴计划及国家自然科学青年基金项目(批准号:51402050)经费的资助.-使用对象:固体电解质材料研究者 |
| ISBN 978-7-5068-4857-2:CNY38.00 |
| 本书共分为四个部分:第一部分为固体电解质的制备实验,包括高温固相、各种液相等合成方法,共编入20个实验。第二部分为固体电解质的性能及应用实验,包括浓差电池、燃料电池等基础实验,还涵盖传感器、薄膜反应器、常压中温合成氨等能源变换的应用实验,共编入16个实验。第三部分为固体电解质复合材料的制备实验,共编入12个实验。第四部分主要包括固体电解质复合材料的各种仪器表征及性能测试实验,共编入8个实验。 |
| ● |
| 相关链接 |
|
|
|
|
正题名:固体电解质材料专题实验
索取号:O646.1/41
 
预约/预借
| 序号 | 登录号 | 条形码 | 馆藏地/架位号 | 状态 | 备注 |
| 1 | 1028981 | 210289819 | 第二样本阅览室/ [索取号:O646.1/41] | 在馆 | |
| 2 | 1028982 | 210289828 | 密集书库-化学系/ [索取号:O646.1/41] | 在馆 | |
| 3 | 1028983 | 210289837 | 第三借阅区/ [索取号:O646.1/41] | 在馆 | |
| 4 | 1028984 | 210289846 | 第三借阅区/ [索取号:O646.1/41] | 在馆 | |
| 5 | 1028985 | 210289855 | 第三借阅区/ [索取号:O646.1/41] | 在馆 |